What does the Bible say about ? / (Record no. 157)

MARC details
000 -LEADER
fixed length control field 00492nam a2200181Ia 4500
003 - CONTROL NUMBER IDENTIFIER
control field OSt
005 - DATE AND TIME OF LATEST TRANSACTION
control field 20241126110331.0
008 - FIXED-LENGTH DATA ELEMENTS--GENERAL INFORMATION
fixed length control field 160527b xxu||||| |||| 00| 0 eng d
020 ## - INTERNATIONAL STANDARD BOOK NUMBER
International Standard Book Number 9788176328627
040 ## - CATALOGING SOURCE
Transcribing agency gbc
082 ## - DEWEY DECIMAL CLASSIFICATION NUMBER
Classification number 220.076
Item number RHO
100 ## - MAIN ENTRY--PERSONAL NAME
Personal name Rhodes, Ron
9 (RLIN) 1582
245 ## - TITLE STATEMENT
Title What does the Bible say about ? /
Remainder of title easy to understand answers to the tough questions
260 ## - PUBLICATION, DISTRIBUTION, ETC.
Name of publisher, distributor, etc. Authentic,
Place of publication, distribution, etc. Hyderabad:
Date of publication, distribution, etc. 2008
300 ## - PHYSICAL DESCRIPTION
Extent 395p.
653 ## - INDEX TERM--UNCONTROLLED
Uncontrolled term Biblical Studies
942 ## - ADDED ENTRY ELEMENTS (KOHA)
Source of classification or shelving scheme Dewey Decimal Classification
Koha item type Books
Koha issues (borrowed), all copies 6
Holdings
Withdrawn status Lost status Source of classification or shelving scheme Damaged status Not for loan Home library Current Library Shelving location Date acquired Total checkouts Full call number Barcode Date last seen Date last checked out Copy number Price effective from Koha item type
    Dewey Decimal Classification     GRACE BIBLE COLLEGE GRACE BIBLE COLLEGE Biblical Studies 2016-05-27 6 220.076 RHO 001397 2025-05-01 2023-07-31 c.1 2016-05-27 Books
© Grace Bible College Library 2025